000 00618nam a2200217 a 4500
001 69167
003 BD-RjUL
005 20211209081845.0
008 850410s1959 enka b 001 0 eng
035 _a(BD-RjUL)69378
040 _aDLC/ICU
_cICU
_dDLC
_dBD-RjUL
_beng
041 _aeng
082 0 0 _223
_a571.6
_bHUH 1959
100 1 _aHughes, Arthur
_d1908-
_9204925
245 1 2 _aA history of cytology /
_cArthur Hughes
260 _aLondon,
_aNew York :
_bAbelard-Schuman,
_c1959
300 _a158 p. :
_bill. ;
_c23 cm.
504 _aIncludes bibliography and index
650 0 _aCytology
_9116684
942 _2ddc
_cBK
999 _c69167
_d69167